000 00791nam a2200241Ii 4500
003 JO-AjNU
008 230605s9999||||xx |||||||||||||| ||und||
017 _a2009/3/1099
020 _a978-9957-02-358-4
040 _aJO-AjNU
_bara
_erda
_cJO-AjNU
041 _aara
050 1 4 _aTX601 2010
100 3 _aالساعد، علي كامل يوسف ,
_eauthor
_950381
245 0 0 _aتعليب وتبريد الفواكة والخضار
250 _aط1
264 3 1 _aعمان:دار مجدلاوي، 2010
300 _a102ص
336 _atext
_btxt
_2rdacontent
337 _aunmediated
_bn
_2rdamedia
338 _avolume
_bnc
_2rdacarrier
490 0 _aسلسلة التصنيع الغذائي
650 4 _aالصناعات الغذائية -التصنيع الغذائي
_950382
999 _aA22190
_c25758
_d25758